| 000 | 00451nam a2200181Ia 4500 | ||
|---|---|---|---|
| 001 | 24146 | ||
| 005 | 20260414151024.0 | ||
| 008 | 260414t1970||||xx |||||||||||||| ||spa|| | ||
| 041 | _aESP | ||
| 082 |
_a782.1 _bB133 |
||
| 100 |
_aBeethoven, Ludwig van _eAUT |
||
| 245 | 0 |
_aFidelio or Wedded love : _ban opera in two acts |
|
| 260 | _c1970 | ||
| 300 |
_axvi, 37 páginas : _c18 cm. |
||
| 650 | _aABD | ||
| 654 | _aCAU | ||
| 942 |
_cLIB _dJUS _fJUS _2ddc _n |
||
| 999 |
_c24146 _d24146 |
||